| 000 | 00738cab a2200229 4500 | ||
|---|---|---|---|
| 001 | WB3116-26 | ||
| 008 | 090401t1995 xxu||||| |||| 00| 0 eng d | ||
| 035 | _a(Sirsi) u57433 | ||
| 041 | _aeng | ||
| 245 | _aPrivate funding demand delays hospitals | ||
| 260 | _c1995 | ||
| 350 | _a0 | ||
| 490 |
_aBuilding _v260(7889) 21 April 1995, 10(1) |
||
| 520 | _aConstruction is being hit by a £1bn-plus hiatus in health spending caused by government demands that hospital trusts investigate the possibility of raising private finance. | ||
| 650 | _aHEALTH SECTOR | ||
| 650 | _aHOSPITAL TRUSTS | ||
| 650 | _aNHS | ||
| 650 | _aPRIVATE FINANCE INITIATIVE | ||
| 690 | _aPROPERTY-COMMERCIAL PROPERTY | ||
| 942 | _n0 | ||
| 948 | _c04/03/1997 | ||
| 999 |
_c35023 _d35023 |
||